000 00499nam a2200133 4500
999 _c8659
_d8659
008 180215b xxu||||| |||| 00| 0 eng d
082 _aDPer 050 Dec 2015-Mar 2016 T48 v186-187
100 _926519
_aRoubini, Nouriel.
245 _aWhy the abnormal has become normal for a troubled global economy/
_cNouriel Roubini.
260 _aNew York :
_bTime Inc.,
_c©Dec 2015-Mar 2016.
300 _av187 n2, page 10:
_billustrations;
_c27 cm.
650 0 _926520
_aEconomic conditions.
942 _2ddc
_cPER